Cargando...

Language planning and language education

Detalles Bibliográficos
Outros autores: Kennedy, Chris (Editor)
Formato: Printed Book
Idioma:English
Subjects:
LEADER 00368nam a2200109Ia 4500
008 101008s9999 xx 000 0 eng d
245 |a Language planning and language education 
650 |a Language Teaching 
700 |a Kennedy, Chris  |e editor. 
942 |c BK 
999 |c 183127  |d 183127 
952 |0 0  |1 0  |4 0  |7 0  |9 202420  |a EDU  |b EDU  |c ST1  |d 2010-10-20  |i 4716  |l 0  |p EDU4716  |r 2018-08-29  |w 2018-08-29  |y BK